000 00977nam a22002417a 4500
001 81193
003 BD-RjUL
005 20230208123026.0
008 230208s2018 bg a|||| m||| 00| 0 eng d
035 _a(BD-RjUL)81193
040 _aBD-RjUL
_beng
_cBD-RjUL
_dBD-RjUL
041 _aeng
082 _223
_a418.00715492
_bBIC 2018
100 _aBiswas, Chanchal Kumar
_94238
245 1 0 _aThe Challenges of practising communicative Language teaching at High Schools in Bangladesh /
_cBy Chanchal, Kumar Biswas ;
_6Supervisor : M. Jahurul, Islam
260 _aRajshahi :
_bInstitute of Education and Research, University of Rajshahi,
_c2018
300 _axxxvii, 354 leaves :
_bill, ;
_c29.cm.
502 _aThesis (Ph. D.) -- Institute of Education and Research, University of Rajshahi,
504 _aReferences : Leaves 274 - 289
650 _aLanguage teaching
_vPrescriptive linguistics
_zBangladesh
_96904
700 _aIslam, M. Jahurul, Supervisor
_91497
942 _2ddc
_cTHE
999 _c81193
_d81193